| 000 | 00768nam a22001695i 4500 | ||
|---|---|---|---|
| 001 | 154939 | ||
| 003 | ES-MaACL | ||
| 005 | 20250726063036.0 | ||
| 008 | 040715s1861 fr |||| | fre d | ||
| 040 |
_aCAM _bspa _cCAM |
||
| 100 | 1 |
_aGuizot, François, _d1787-1874 _9127641 |
|
| 245 | 1 | 0 |
_aDiscours académiques _b: suivis des discours prononcés pour la distribution des prix au concours général de l'université et devant diverses sociétés religieuses et de trois essais de philosohie littéraire et politique / _cpar M. Guizot. |
| 260 |
_aParis : _bDidier et c\pe\s libraires-éditeurs, _c1861 ( _fImprimé chez Bonaventure et Ducessois) |
||
| 300 |
_aIV, 424 p. ; _c22 cm. |
||
| 852 |
_aES-MaACL _jG-12573 _z-- Enc. hol. |
||
| 999 |
_c154939 _d154939 |
||